| 000 | 01097nam a22003017a 4500 | ||
|---|---|---|---|
| 999 |
_c200453192 _d71404 |
||
| 001 | 200453192 | ||
| 003 | TR-AnTOB | ||
| 005 | 20230527153258.0 | ||
| 007 | ta | ||
| 008 | 230526b ||||| |||| 00| 0 tur d | ||
| 040 |
_aTR-AnTOB _beng _cTR-AnTOB _erda |
||
| 041 | 0 | _atur | |
| 050 | 4 |
_aHE151 _b.T87 2022 |
|
| 090 |
_aHE193 _b.T87 2022 |
||
| 245 | 0 | 0 |
_aTürkiye ve Avrupa Birliği arasında yeni bir karayolu taşımacılığı işbirliği : _bbeklentiler ve olasılıklar / _cEditör Rasim Canatan. |
| 264 | 1 |
_aAnkara : _bAvrupa Birliği ve Küresel Araştırmalar Birliği, _c2022. |
|
| 300 |
_a262 pages : _bfigures ; _c24 cm |
||
| 336 |
_atext _btxt _2rdacontent |
||
| 337 |
_aunmediated _bn _2rdamedia |
||
| 338 |
_avolume _bnc _2rdacarrier |
||
| 504 | _aBIB | ||
| 650 | 0 |
_aUlaştırma _zTürkiye _969784 |
|
| 653 | _aKarayolu taşımacılığı | ||
| 710 | 2 |
_aAvrupa Birliği ve Küresel Araştırmalar Derneği _9141280 |
|
| 856 | 4 | 2 |
_uhttp://abkad.org/wp-content/uploads/2022/07/karayolu-tr-1.pdf _3Online access link to the resource |
| 942 |
_2lcc _cBK |
||